00763nam a22002057a 45000050016000000100014000160200011000300350013000410370015000540820012000691000043000812450087001242460044002112600086002552700107003413000051004486500036004996500019005357000003005542010083008028.0 aMAR-20220 c100.00 aMR-12878 bDBAD / PUB a891.461 aपावसकर, रामकली aओले अथांग श्वास /cरामकली पावसकर aOlle Athang Shawasbby Ramkali Pawaskar aश्रीरामपुरbशब्दालय प्रकाशनc2009 aपोस्ट बॉक्स नं 90, वार्ड 7, bश्रीरामपुरe413709 a104पृc21सेमी (अजिल्द) aमराठी कविता aMarathi Poetry